Se equivocó Carlos III, se equivocaba : (Record no. 179967)

MARC details
000 -LEADER
campo de control de longitud fija 01103nam a2200265 i 4500
001 - NÚMERO DE CONTROL
campo de control 179967
003 - IDENTIFICADOR DE NÚMERO DE CONTROL
campo de control ES-MaACL
005 - FECHA Y HORA DE LA ÚLTIMA TRANSACCIÓN
campo de control 20241212161058.0
008 - DATOS DE LONGITUD FIJA--INFORMACIÓN GENERAL
campo de control de longitud fija 120307s2011 sp |||| |bspa d
020 ## - NÚMERO INTERNACIONAL ESTÁNDAR DEL LIBRO
Número Internacional Estándar del Libro 978-84-95058-03-4
080 ## - NÚMERO DE LA CLASIFICACIÓN DECIMAL UNIVERSAL
Número de la Clasificación Decimal Universal 929 Palafox y Mendoza, Juan de
080 ## - NÚMERO DE LA CLASIFICACIÓN DECIMAL UNIVERSAL
Número de la Clasificación Decimal Universal 94(460)"1759/88"
080 ## - NÚMERO DE LA CLASIFICACIÓN DECIMAL UNIVERSAL
Número de la Clasificación Decimal Universal 2:32(460)"17"
100 1# - ENTRADA PRINCIPAL--NOMBRE DE PERSONA
Nombre de persona Bartolomé Martínez, Gregorio.
9 (RLIN) 26174
245 10 - MENCIÓN DEL TÍTULO
Título Se equivocó Carlos III, se equivocaba :
Resto del título manipulación política-religiosa del caso Juan de Palafox /
Mención de responsabilidad, etc. Gregorio Bartolomé Martínez.
260 ## - PUBLICACIÓN, DISTRIBUCIÓN, ETC.
Lugar de publicación, distribución, etc. Madrid :
Nombre del editor, distribuidor, etc. Ediciones 2010,
Fecha de publicación, distribución, etc. [2011]
300 ## - DESCRIPCIÓN FÍSICA
Extensión 285, 3 p. ;
Dimensiones 21 cm.
600 14 - PUNTO DE ACCESO ADICIONAL DE MATERIA--NOMBRE DE PERSONA
Nombre de persona Palafox y Mendoza, Juan de,
Fechas asociadas al nombre 1600-1659
9 (RLIN) 239354
650 #7 - PUNTO DE ACCESO ADICIONAL DE MATERIA--TÉRMINO DE MATERIA
Término de materia o nombre geográfico como elemento de entrada Religión y política-
Subdivisión geográfica España-
Subdivisión de forma Historia.
9 (RLIN) 149552
651 #7 - PUNTO DE ACCESO ADICIONAL DE MATERIA--NOMBRE GEOGRÁFICO
Nombre geográfico España-
Subdivisión general Historia-
Subdivisión cronológica 1759-1788, Carlos III.
9 (RLIN) 8240
852 ## - LOCALIZACIÓN
Ubicación ES-MaACL
Número de control de estantería A-12018
itemnumber 186874
Sublocalización o colección R.146926
Ubicación en estantería Depósito 1
Signatura antigua Olim: N-5023
Encuadernación Donación: Gregorio Bartolomé Martínez
Nota libre Dedicatoria autógrafa del autor
903 ## - NOMBRE PERSONAL DE DONANTE
9 26174
a Bartolomé Martínez, Gregorio
e Donante
942 ## - ELEMENTOS DE ENTRADA SECUNDARIOS (KOHA)
Fuente del sistema de clasificación o colocación Clasificación decimal universal
Tipo de ítem Koha Libro impreso
Holdings
Estatus retirado Estado de pérdida Fuente del sistema de clasificación o colocación Estado de daño No para préstamo Colección Biblioteca de origen Biblioteca actual Ubicación en estantería Fecha de adquisición Fuente de adquisición Total de préstamos Signatura topográfica completa Código de barras Visto por última vez Precio de reemplazo Tipo de ítem Koha Nota pública
    Clasificación decimal universal     Libros con dedicatorias Biblioteca del Ateneo de Madrid Biblioteca del Ateneo de Madrid Depósito 1 07/03/2012 Donación   A-12018 1189071 23/02/2023 23/02/2023 Libro impreso Dedicatoria autógrafa del autor